书目信息

书名: 巴黎圣母院上 
作者: 雨果 著 ;陈敬容
出版信息: 贵阳   贵州人民出版社  1980.06
开本页数: 19cm  304页
丛书名:
单 册:
中图分类: I14
科图分类:
主题词: 小说--作品集--世界
电子资源:
ISBN:
000 00579nam0 2200205 45
001 0648745031
005 20060222133659.14
010    @dCNY0.95
100    @a20060222d1980 km y0chiy0120 ea
101 @achi
102    @aCN@b520000
200 @a巴黎圣母院@Aba li sheng mu yuan@h上@f雨果著@Fyu guo zhu@g陈敬容译@Gchen jing rong yi
210    @a贵阳@c贵州人民出版社@d1980.06
215    @a304页@d19cm
606 @a小说@x作品集@x世界
690    @aI14@v3
701  0 @a雨果@Ayu guo@4著
702  0 @a陈敬容@Achen jing rong@4译
801  0 @aCN@bPFT@c20060222
905    @a10447@dI14@e31:1
    
    巴黎圣母院.上/雨果著/陈敬容译.-贵阳:贵州人民出版社,1980.06
    304页;19cm
    
    
    ISBN :CNY0.95
    
相关链接 在五车中查询图书 在当当中查询图书 在豆瓣中查询图书


正题名:巴黎圣母院     索取号:I14/31:1         预约/预借

序号 登录号 条形码 馆藏地/架位号 状态 备注
1 46092   200460928   海科密-1楼/34架7列5层/ [索取号:I14/31:1] 在馆